Responses for Show #3575 - Friday, March 3, 2000

Contestants

[<< previous game]

Traci Hawkins, an insurance broker from Rancho San Diego, California

Bruce Brazinsky, a podiatrist from San Diego, California

Susan Caylor, an account manager from Atlanta, Georgia (whose 2-day cash winnings total $24,202)

[next game >>]

Jeopardy! Round responses

A LOSING BATTLE
STORY OF MY LIFE
DISNEY DOGS
AROUND THE HOUSE
THE BOY SCOUTS
"B" PREPARED
    $100 10
(S: Who is Puris?)

Julius Caesar

Susan
Triple Stumper
    $100 5
Marlene Dietrich

Bruce
    $100 2
Goofy

Traci
    $100 1
(B: What is a mattress?)
(Alex: (at 1st break) Bruce, our judges have revisited your response of "mattress" & we do put the sheets on the mattress.)

Bed

BruceTraci
    $100 21
Troop

Susan
    $100 14
Board games

Traci
    $200 11
Nile

Traci
    $200 6
Rosalynn Carter

Susan
    $200 3
Pluto

Traci
    $200 13
Wallpaper

Bruce
    $200 27
Bugling

Bruce
    $200 15
Baby grand

Traci
    $300 22
Simon Bolivar

Susan
    $300 7
Benny Goodman

Triple Stumper
    $300 4
101 Dalmatians

Susan
    $300 18
(B: What is a crock pot?)

Microwave oven

Bruce
Triple Stumper
    $300 28
Explorers

Traci
    $300 16
Bibliophile

Bruce
    $400 23
New Orleans

Susan
    $400 8
Billie Holiday

Susan
    $400 12
Peter Pan

Susan
    $400 19
Umbrella

Susan
    $600 29
President of the United States

Traci
    $400 17
(Bruce: What is botulism?)

bubonic plague

SusanBruce
    $500 24
Erwin Rommel

Traci
    $500 9
(T: Who is Stephen Hawking?)

Christy Brown

SusanTraci
    $500 25
(Alex: And we have a minute to go.)

Lady and the Tramp

Susan
    $500 20
Plug

Bruce
    $500 30
Boys' Life

Susan
    $500 26
(S: What is Somalia?)

Biafra

Susan
Triple Stumper

Scores at the first commercial break (after clue 15):

Susan Bruce Traci
$1,700 $400 $400

Scores at the end of the Jeopardy! Round:

Susan Bruce Traci
$3,800 $700 $1,800

Double Jeopardy! Round responses

NEW YORK LANDMARKS
COLOR TV
BRIEF BIOS
CLOTH & FABRICS
(Alex: That sounds exciting!)
ROYAL FEMALE NICKNAMES
ODD WORDS
(Alex: Sorry, folks, I just can't get excited about "Cloth & Fabrics!")
    $200 1
New York Post Office

Bruce
    $200 9
NYPD Blue

Bruce
    $200 11
Sandy Koufax

Triple Stumper
    $200 3
(B: What is silk?)

Chiffon

SusanBruce
    $200 15
Elizabeth I

Susan
    $200 17
Bald

Susan
    $400 2
Tavern on the Green

Susan
    $400 10
The Golden Girls

Traci
    $400 22
Michelle Pfeiffer

Traci
    $400 4
Fishnet

Susan
    $400 16
Marie Antoinette

Traci
    $400 18
(T: What is a knapp?)

Woof

SusanTraci
    $600 6
Rose Room

Triple Stumper
    $600 12
Pinky and the Brain

Triple Stumper
    $600 23
(less than a minute to go...)

Samuel Morse

Traci
    $600 5
Flannel

Bruce
    $600 26
Catherine the Great

Traci
    $2,000 19
(S: What is the palm?)

Middle finger

Susan
    $700 7
(B: What is the YMCA?)

Studio 54

Bruce
    $800 13
The Red Skelton Show

Susan
    $800 24
Dante Alighieri

Bruce
    $800 20
Sackcloth

Susan
    $800 27
QWERTY

Triple Stumper
    $1000 8
(B: What is St. Patrick's?)

St. Paul's

Bruce
Triple Stumper
    $1000 14
The Green Hornet

Susan
    $1000 25
Eliot Ness

Susan
    $1000 21
Hebrides

Susan
    $1000 28
(buzzer sounds)

Triskaidekaphobia

Bruce

Scores at the end of the Double Jeopardy! Round:

Susan Bruce Traci
$8,200 $1,600 $3,800
(lock game)

[wagering suggestions for these scores]

Final Jeopardy! Round responses

FAMOUS AMERICANS
BruceWho is [Calder] Calder
$1,599
TraciWho is
$1,800
SusanWho is Frank Lloyd Wright?
$599
Frank Lloyd Wright

Final scores:

Susan Bruce Traci
$8,799 $1 $2,000
3-day champion: $33,001 3rd place: EPSON Photo PC 750Z Camera 2nd place: Trip to Salish Lodge & Spa, Seattle, Washington

Game dynamics:

Coryat scores:

Susan Bruce Traci
$10,200 $2,300 $3,600
23 R,
3 W
(including 1 DD)
11 R,
5 W
(including 1 DD)
14 R
(including 1 DD),
2 W

Combined Coryat: $16,100

[game clues] [game scores] [suggest correction]

Game tape date: 1999-12-01
The J! Archive is created by fans, for fans. Scraping, republication, monetization, and malicious use prohibited; this site may use cookies and collect identifying information. See terms. The Jeopardy! game show and all elements thereof, including but not limited to copyright and trademark thereto, are the property of Jeopardy Productions, Inc. and are protected under law. This website is not affiliated with, sponsored by, or operated by Jeopardy Productions, Inc. Join the discussion at JBoard.tv.